000 00554nam a22001937a 4500
008 160528s2006 cr||||| |||| 00| 0 spa d
020 _a9977968101
082 _bH565c
_a759.972.86
100 1 _aHerrera, Fabio.
_d1954 -
_94963
245 1 0 _aFabio Herrera, collections /
_cFabio Herrera.
250 _a1a ed.
260 _aSan José, Costa Rica :
_bPremia,
_c2006.
300 _a200 p.
_bil. col.
653 1 0 _aArte costarricense
653 1 0 _aArte moderno
653 1 0 _aArtistas costarricenses
653 1 0 _aColecciones de pinturas
653 1 0 _aDibujo
999 _c923
_d923